| 000 | 00936cam a22003015a 4500 | ||
|---|---|---|---|
| 999 |
_c26848 _d26820 |
||
| 001 | 017850296 | ||
| 005 | 20180920150846.0 | ||
| 008 | 160505t2017 maua frb 001 0 eng d | ||
| 015 |
_aGBB666940 _2bnb |
||
| 016 | 7 |
_a017850296 _2Uk |
|
| 020 | _a9781292147871 (pbk.) | ||
| 020 | _a9780134065823 | ||
| 020 | _a1292147873 | ||
| 040 |
_aStDuBDS _beng _cStDuBDS _dUk _dEG-ScBUE |
||
| 082 | 0 | 4 |
_a657.45 _bAUD _222 |
| 245 | 0 | 0 |
_aAuditing and assurance services : _ban integrated approach / _cAlvin A. Arens... [et al.]. |
| 250 | _a16ed., Global ed. | ||
| 260 |
_aBoston : _bPearson Education Limited, _cc.2017. |
||
| 300 |
_a896 p. : _bill. (col.) ; _c28 cm. |
||
| 504 | _aIncludes bibliographical references and index. | ||
| 650 | 7 |
_aAuditing. _2BUEsh |
|
| 650 | 7 |
_aNegative assurance (Accounting) _2BUEsh |
|
| 651 | _2BUEsh | ||
| 653 |
_bBUSADM _cSeptember2018 |
||
| 655 | _vText book | ||
| 700 | 1 | _aArens, Alvin A. | |
| 942 | _2ddc | ||